000 00384nam a2200133Ia 4500
008 231129s2000||||xx |||||||||||||| ||spa||
020 _a958-8052-46-7
040 _bspa
082 _aCo864.4409 L775
245 0 _aLiteratura y cultura : narrativa colombiana del siglo xx
260 _c2000
264 _aMinisterio de Cultura
942 _2ddc
_cBKS
999 _c19345
_d19345